00371cam a22001337a 4500008004000000082001900040100001800059245004100077250001200118260002400130300001000154650002400164650004900188180718b1979 xxu||||| |||| 00| 0 eng d aBA27x5415 W118 aWaddell, L.A. aAmong the Himalayascby L.A. Waddell a2nd ed. aDelhibMittalc1979 a452p. aHimalaya Mountains. aWaddell, L. A. (Laurence Austine), 1854-1938